Unconstitutional constitutional amendments : (Record no. 1540)

MARC details
000 -LEADER
fixed length control field 03060cam a2200433 i 4500
001 - CONTROL NUMBER
control field data
005 - DATE AND TIME OF LATEST TRANSACTION
control field 20260322212105.0
008 - FIXED-LENGTH DATA ELEMENTS--GENERAL INFORMATION
fixed length control field data
035 ## - SYSTEM CONTROL NUMBER
System control number 19457084
010 ## - LIBRARY OF CONGRESS CONTROL NUMBER
LC control number 2017931615
020 ## - INTERNATIONAL STANDARD BOOK NUMBER
International Standard Book Number 9780198768791
Qualifying information hardback
020 ## - INTERNATIONAL STANDARD BOOK NUMBER
International Standard Book Number 0198768796
Qualifying information hardback
035 ## - SYSTEM CONTROL NUMBER
System control number (OCoLC)975929191
040 ## - CATALOGING SOURCE
Original cataloging agency YDX
Language of cataloging eng
Transcribing agency YDX
Description conventions rda
Modifying agency DLC
-- OCLCF
-- CLU
-- RCJ
-- DLC
042 ## - AUTHENTICATION CODE
Authentication code lccopycat
050 00 - LIBRARY OF CONGRESS CALL NUMBER
Classification number K3168
Item number .R69 2017
082 04 - DEWEY DECIMAL CLASSIFICATION NUMBER
Classification number 342.03
Edition information 23
100 1# - MAIN ENTRY--PERSONAL NAME
Personal name Roznai, Yaniv,
Relator term author.
245 10 - TITLE STATEMENT
Title Unconstitutional constitutional amendments :
Remainder of title the limits of amendment powers /
Statement of responsibility, etc. Yaniv Roznai.
250 ## - EDITION STATEMENT
Edition statement First edition.
264 #1 - PRODUCTION, PUBLICATION, DISTRIBUTION, MANUFACTURE, AND COPYRIGHT NOTICE
Place of production, publication, distribution, manufacture Oxford, United Kingdom :
Name of producer, publisher, distributor, manufacturer Oxford University Press,
Date of production, publication, distribution, manufacture, or copyright notice 2017.
300 ## - PHYSICAL DESCRIPTION
Extent xxxiv, 334 pages ;
Dimensions 24 cm.
336 ## - CONTENT TYPE
Content type term text
Content type code txt
Source rdacontent
337 ## - MEDIA TYPE
Media type term unmediated
Media type code n
Source rdamedia
338 ## - CARRIER TYPE
Carrier type term volume
Carrier type code nc
Source rdacarrier
490 0# - SERIES STATEMENT
Series statement Oxford constitutional theory
504 ## - BIBLIOGRAPHY, ETC. NOTE
Bibliography, etc. note Includes bibliographical references (pages 275-315) and index.
505 0# - FORMATTED CONTENTS NOTE
Formatted contents note Part I. Comparative constitutional unamendability -- Explicit constitutional unamendability -- Implicit constitutional unamendability -- Supra-constitutional unamendability -- Part II. Towards a theory of constitutional unamendability -- The nature of constitutional amendment powers -- The scope of constitutional amendment powers -- The spectrum of constitutional amendment powers -- Part III. Enforcing constitutional unamendability -- Understanding judicial review of constitutional amendments -- Exercising judicial review of constitutional amendments.
520 ## - SUMMARY, ETC.
Summary, etc. "Can constitutional amendments be unconstitutional? The problem of 'unconstitutional constitutional amendments' has become one of the most widely debated issues in comparative constitutional theory, constitutional design, and constitutional adjudication. This book describes and analyses the increasing tendency in global constitutionalism substantively to limit formal changes to constitutions. The challenges of constitutional unamendability to constitutional theory become even more complex when constitutional courts enforce such limitations through substantive judicial review of amendments, often resulting in the declaration that these constitutional amendments are 'unconstitutional'. Combining historical comparisons, constitutional theory, and a wide comparative study, [the author] sets out to explain what the nature of amendment power is, what its limitations are, and what the role of constitutional courts is and should be when enforcing limitations on constitutional amendments."--
Assigning source Provided by publisher.
650 #0 - SUBJECT ADDED ENTRY--TOPICAL TERM
Topical term or geographic name entry element Constitutional amendments.
650 #0 - SUBJECT ADDED ENTRY--TOPICAL TERM
Topical term or geographic name entry element Constitutional law.
650 #7 - SUBJECT ADDED ENTRY--TOPICAL TERM
Topical term or geographic name entry element Constitutional amendments.
650 #7 - SUBJECT ADDED ENTRY--TOPICAL TERM
Topical term or geographic name entry element Constitutional law.
830 #0 - SERIES ADDED ENTRY--UNIFORM TITLE
Uniform title Oxford constitutional theory.
906 ## - LOCAL DATA ELEMENT F, LDF (RLIN)
a 0
b ibc
c copycat
d 2
e epcn
f 20
g y-gencatlg
925 0# -
-- acquire
-- 1 shelf copy
-- policy default
Holdings
Withdrawn status Lost status Damaged status Not for loan Home library Current library Shelving location Date acquired Total checkouts Full call number Barcode Date last seen Price effective from Koha item type
        Liberty Liberty General stacks 22/03/2026   342.03 LOC-LPL-00003 22/03/2026 22/03/2026 Books